000 00572nam a2200157Ia 4500
008 220216s9999 xx 000 0 und d
100 _aNarayanan C
245 0 _aVariability in response to Phytophthora abnormal leaf fall infection among W x A hybrids in a small scale trial in India
260 _bIRRDB-RRII Workshop on Multilateral Clone Exchange, 4-6 June 2014, Rubber Research Institute of India, Kottayam, India.
650 _aAbnormal leaf fall
650 _aPhytophthora
650 _aWxA hybrid
700 _aMydin K K
856 _uNo article
942 _cJS
999 _c72087
_d72087